Habermas and literature : (Record no. 1430010)

MARC details
000 -LEADER
fixed length control field 00507nam a2200181Ia 4500
005 - DATE AND TIME OF LATEST TRANSACTION
control field 20250609100158.0
008 - FIXED-LENGTH DATA ELEMENTS--GENERAL INFORMATION
fixed length control field 008 250516s9999 xx 000 0 eng d
020 ## - INTERNATIONAL STANDARD BOOK NUMBER
International Standard Book Number 9781501369773
040 ## - CATALOGING SOURCE
Language of cataloging eng
Transcribing agency SDCL
041 ## - LANGUAGE CODE
Language code of text/sound track or separate title eng
Source of code eng
084 ## - COLON CLASSIFICATION NUMBER
Classification number R3xN29:g(O) R3
100 ## - MAIN ENTRY--PERSONAL NAME
Personal name Boucher, Geoff
245 #0 - TITLE STATEMENT
Title Habermas and literature :
Remainder of title The public sphere and the social imaginary
260 ## - PUBLICATION, DISTRIBUTION, ETC.
Place of publication, distribution, etc. New Delhi:
Name of publisher, distributor, etc. Bloomsbury,
Date of publication, distribution, etc. 2023.
300 ## - PHYSICAL DESCRIPTION
Extent viii,276p.
650 ## - SUBJECT ADDED ENTRY--TOPICAL TERM
Topical term or geographic name entry element English
942 ## - ADDED ENTRY ELEMENTS (KOHA)
Koha item type Textual
Source of classification or shelving scheme Colon Classification (CC)
100 ## - MAIN ENTRY--PERSONAL NAME
-- 590926
999 ## -
-- 1430010
-- 1430010
Holdings
Withdrawn status Lost status Source of classification or shelving scheme Damaged status Not for loan Home library Current library Date acquired Source of acquisition Inventory number Total checkouts Full call number Barcode Date last seen Price effective from Koha item type
    Colon Classification (CC)     South Campus Library South Campus Library 2025-05-22 Bright Book Service 2409, 18/12/2024   R3xN29:g(O) R3 SC1690779 2025-05-22 2025-05-22 Textual
Copyright @ Delhi University Library System